000 00636nam a2200193Ia 4500
003 GCL
008 140319s9999 xx 000 0 ara d
020 _a0236345977
040 _aGCL /
_cGCL
082 0 4 _a658.827
_bع ب
100 1 _aنوتس، كويك
245 1 0 _aبيع الاسماء والعلامات التجارية /
_cنوتس، كويك
260 _aالقاهرة :
_bدار الفاروق للنشر والتوزيع ،
_c2002
300 _a80 ص ؛
_c24 سم
650 0 4 _aالعلامات التجارية
650 0 4 _aالملكية الصناعية
650 0 4 _aالاسم التجارى
942 _2ddc
_cBK
999 _c5488
_d5488